|
|
|
|
| LEADER |
02380nam a2200565 4500 |
| 001 |
ocn844781131 |
| 003 |
OCoLC |
| 005 |
20170124070001.4 |
| 006 |
m o d |
| 007 |
cr cnu|||unuuu |
| 008 |
130528s2013 gw ab ob 001 0 eng d |
| 040 |
|
|
|a DG1
|b eng
|c DG1
|d CUS
|d OCLCF
|d UKMGB
|d OCLCO
|d YDXCP
|d OCLCQ
|d COO
|d OCLCQ
|d GrThAP
|
| 016 |
7 |
|
|a 016420572
|2 Uk
|
| 020 |
|
|
|a 9783527675500
|q (electronic bk.)
|
| 020 |
|
|
|a 3527675507
|q (electronic bk.)
|
| 020 |
|
|
|z 9783527336210
|q (print)
|
| 029 |
1 |
|
|a AU@
|b 000051628901
|
| 029 |
1 |
|
|a CHBIS
|b 010026912
|
| 029 |
1 |
|
|a CHVBK
|b 306244799
|
| 029 |
1 |
|
|a DEBBG
|b BV041829522
|
| 029 |
1 |
|
|a GBVCP
|b 785729798
|
| 029 |
1 |
|
|a NZ1
|b 15340153
|
| 035 |
|
|
|a (OCoLC)844781131
|
| 043 |
|
|
|a e-gx---
|
| 050 |
|
4 |
|a Q180.55.G7
|
| 082 |
0 |
4 |
|a 001.4/4
|2 23
|
| 049 |
|
|
|a MAIN
|
| 245 |
0 |
0 |
|a Funding atlas 2012 :
|b key indicators for publicly funded research in Germany.
|
| 264 |
|
1 |
|a Weinheim :
|b Wiley-VCH,
|c [2013]
|
| 264 |
|
4 |
|c ©2013
|
| 300 |
|
|
|a 1 online resource (78 pages) :
|b illustrations, maps
|
| 336 |
|
|
|a text
|b txt
|2 rdacontent
|
| 337 |
|
|
|a computer
|b c
|2 rdamedia
|
| 338 |
|
|
|a online resource
|b cr
|2 rdacarrier
|
| 500 |
|
|
|a At head of title: Deutsche Forschungsgemeinschaft.
|
| 504 |
|
|
|a Includes bibliographical references and index.
|
| 505 |
0 |
|
|a Publicly Funded Research in Germany : An Overview -- Funding Profiles of Research Institutions and Regions -- Research Profiles by Scientific Discipline -- National and International Cooperation as Reflected by Bibliometric Data and Illustrated by Chemistry -- Conclusion -- Appendix -- Funding Atlas 2012.
|
| 588 |
0 |
|
|a Online resource; title from PDF title page (Wiley, viewed on May 28, 2013).
|
| 650 |
|
0 |
|a Research
|x Finance.
|
| 650 |
|
0 |
|a Endowment of research
|z Germany.
|
| 650 |
|
0 |
|a Research
|z Germany.
|
| 650 |
|
7 |
|a Endowment of research.
|2 fast
|0 (OCoLC)fst00909851
|
| 650 |
|
7 |
|a Research.
|2 fast
|0 (OCoLC)fst01095153
|
| 650 |
|
7 |
|a Research
|x Finance.
|2 fast
|0 (OCoLC)fst01095192
|
| 651 |
|
7 |
|a Germany.
|2 fast
|0 (OCoLC)fst01210272
|
| 655 |
|
4 |
|a Electronic books.
|
| 710 |
2 |
|
|a Deutsche Forschungsgemeinschaft.
|
| 776 |
0 |
8 |
|i Print version:
|a Deutsche Forschungsgemeinschaft.
|t Funding atlas 2012.
|d [S.l.] : Wiley-Vch Verlag Gmbh, 2013
|z 3527336214
|w (OCoLC)833046462
|
| 856 |
4 |
0 |
|u https://doi.org/10.1002/9783527675500
|z Full Text via HEAL-Link
|
| 994 |
|
|
|a 92
|b DG1
|